00286nam a22001097a 4500003000400000020001800004100001400022245004300036260002400079546001200103856006100115OSt a9780702028274 aLewington aFerret Husbandry, Medicine and Surgery bW.B. Saundersc2007 aEnglish uhttps://www.sciencedirect.com/science/book/9780702028274